|
|
|
|
| LEADER |
00000naa a2200000 ar4500 |
| 001 |
vtls010094026 |
| 003 |
SK-MaSNL |
| 005 |
20260302143913.0 |
| 008 |
100511c2009 xo qr|p|||||||000 b|slo |
| 015 |
|
|
|a SNBRA2010/05
|2 snkbucl
|
| 038 |
|
|
|a SNKBUCL
|
| 040 |
|
|
|a SNKBUCL
|b slo
|c SNKBUCL
|e AACR2
|
| 041 |
0 |
|
|a slo
|b eng
|
| 044 |
|
|
|a xo
|c SK
|
| 080 |
|
|
|a 378.147:657-051:174
|x (437.6)
|2 2001
|
| 080 |
|
|
|a 657-051
|x (437.6)
|2 2001
|
| 080 |
|
|
|a 657.63-051
|x (437.6)
|2 2001
|
| 080 |
|
|
|a 174
|x (437.6)
|2 2001
|
| 080 |
|
|
|a 378.4:33
|x (437.6)
|2 2001
|
| 100 |
1 |
|
|a Hvoždarová, Jana
|4 aut
|9 278658
|
| 245 |
1 |
0 |
|a Etika účtovníka a audítora
|c Jana Hvoždarová
|
| 246 |
3 |
1 |
|a Ethics of accountant and of auditor
|
| 504 |
|
|
|a Bibliogr. odkazy
|
| 546 |
|
|
|a Súbežný názov angl. ; res. angl.
|
| 610 |
2 |
7 |
|a Ekonomická univerzita v Bratislave
|2 snkbucl
|9 78770
|
| 650 |
0 |
7 |
|a účtovníci
|2 snkbucl
|9 28638
|
| 650 |
0 |
7 |
|a audítori
|2 snkbucl
|9 3648
|
| 650 |
0 |
7 |
|a profesijná etika
|2 snkbucl
|9 15135
|
| 650 |
0 |
7 |
|a vysokoškolské vzdelávanie
|2 snkbucl
|9 71314
|
| 650 |
0 |
7 |
|a výskumné projekty
|2 snkbucl
|9 51987
|
| 773 |
0 |
|
|t Teória a prax v účtovníctve a v audítorstve po vstupe Slovenskej republiky do eurozóny
|d Bratislava : Ekonóm, 2009
|g S. 12-14
|z 9788022527392
|
| 852 |
|
|
|a SNK
|b KIS3GCP
|
| 958 |
|
|
|a NB
|
| 958 |
|
|
|a SK
|
| 999 |
|
|
|c 1346641
|d 1348571
|